Score 0/29 Timer 03:00
0 Plays Today
HINT WORD % Correct
✞ THE THREE ____ MEN ✞✞ WISE ✞
94.5%
When you ____ upon a starWISH
93%
✞ JOSEPH'S WIFE ✞✞ MARY ✞
92.8%
'...and to all a ____ night!'GOOD
92.8%
Clenched fingersFIST
91.1%
5 small loaves and 2 ____FISH
90.4%
✞ FRANKINCENSE, ____, & MYRRH ✞✞ GOLD ✞
89.6%
Brave and daringBOLD
83.5%
Cedar, olive, or pineWOOD
80.6%
Cautiously alertWARY
77.3%
Outdoor bashFEST
73.6%
Chrome-domedBALD
73.4%
Current conductorWIRE
71.6%
AccomplishmentFEAT
71%
ThroneSEAT
69.5%
HINT WORD % Correct
Traveling groupBAND
68.8%
Manger muncher?MARE
67.8%
Item for saleWARE
67.3%
✞ ____ OF BETHLEHEM ✞✞ STAR ✞
67.2%
CharSEAR
64.9%
✞ ADORED MANGER OCCUPANT ✞✞ BABE ✞
64.2%
Hay, in a stable perhapsBALE
63.7%
The Good ____WORD
63.4%
Joseph and Jesus, for exampleMALE
62.4%
West African countryMALI
62.3%
Protected oneWARD
61.8%
Troy actor Eric ____BANA
57.2%
____ O'Riley (Who song)BABA
56.7%
✞ MELCHIOR, CASPAR, & BALTHAZAR ✞✞ MAGI ✞
46.5%

Today's Daily Dose

Remove Ads.
Support Sporcle.
Get the best of Sporcle when you Go Orange. This ad-free experience offers more features, more stats, and more fun while also helping to support Sporcle. Thank you for becoming a member.

You're not logged in!

Compare scores with friends on all Sporcle quizzes.
OR
Log In

Show Comments

Extras

Top Quizzes Today


Score Distribution

Your Account Isn't Verified!

In order to create a playlist on Sporcle, you need to verify the email address you used during registration. Go to your Sporcle Settings to finish the process.

Report this User

Report this user for behavior that violates our Community Guidelines.

Details: